| 000 | 00771cab a2200265 4500 | ||
|---|---|---|---|
| 001 | ABS52321 | ||
| 008 | 090401t1994 xxu||||| |||| 00| 0 eng d | ||
| 035 | _a(Sirsi) u73021 | ||
| 041 | _aeng | ||
| 100 | _aMorling, I. | ||
| 245 | _aFranc exchanges | ||
| 260 | _c1994 | ||
| 350 | _a0 | ||
| 490 |
_aEstates Europe _v3(8) February 1994, 8(1) |
||
| 520 | _aDescribes how and why the French government is investing FFr 4.5bn to bail out the property bank Comptoir des Entrepreneurs. | ||
| 650 | _aBANKS | ||
| 650 | _aCOMPTOIR DES ENTREPRENEURS | ||
| 650 | _aFINANCIAL INSTITUTIONS | ||
| 650 | _aFRANCE | ||
| 650 | _aPROPERTY LENDING | ||
| 690 | _aPROPERTY-PROPERTY FINANCE AND INVESTMENT | ||
| 690 | _aOVERSEAS-EUROPE | ||
| 942 | _n0 | ||
| 948 | _c04/03/1997 | ||
| 999 |
_c46170 _d46170 |
||